| 000 | 00797nam a22002297a 4500 | ||
|---|---|---|---|
| 005 | 20091027110759.0 | ||
| 008 | 091027t xxu||||| |||| 00| 0 eng d | ||
| 010 | _aENG-95214 | ||
| 020 |
_a9780070146853 _c325.00 |
||
| 020 | _a0070146853 | ||
| 035 | _aEN-78747 | ||
| 037 | _bDBAD/PUB | ||
| 040 | _aDPL | ||
| 082 | _a346.07 | ||
| 100 | _aMathur, Satish B. | ||
| 245 |
_aBisiness law _cby Satish B. Mathur |
||
| 260 |
_aNew Delhi _bTata MaGraw Hill Education _c2010 |
||
| 270 |
_a7, West Patel Nagar _bNew Delhi _e110008 |
||
| 300 |
_axxvii, 837P. _c24 cm.(Pbk). |
||
| 942 |
_2ddc _cEN _mMAT _h346.07 |
||
| 999 |
_c31055 _d31055 |
||